zpět

Detail výsledku týmu

Aladdin, Teplice

Datum a čas kvízu

37 Celkem bodů Celkový počet nahraných bodů na tomto kvízu bez doplňovacích otázek.
2. Pořadí na kvízu Konečné umístění týmu na tomto kvízu.

Zaznamenané odpovědi

# Otázka Odpověď Body Výsledky
1. Předseda poslanecké sněmovny T... o klik 1
2. Ve čtvrtek krátce po půlnoci s... Artemis II 1
3. Jedna česká sportovkyně se v p... Petra Kvitová 1
4. Vláda kterého evropského státu... Polska 0
5. Který slavný sportovec minulý... Tiger Woods 0
6. Vítězné téma facebookového hla... 1C 2B 3D 4A 0
7. Ve Formuli 1 můžeme občas zazn... A 1
8. Velká cena Monaka 1996 drží je... 3 piloti (uznáváme 2 až 4) 0
9. Tato stáj působila ve Formuli... Benetton 1
10. Ve kterém státě se nachází záv... v Mexiku 1